[Event "London Weekend op 12"]
[Site "London"]
[Date "2016.12.11"]
[Round "4"]
[White "Juciute, Einora"]
[Black "Byron, Alan M"]
[Result "0-1"]
[WhiteElo "1873"]
[BlackElo "2131"]
[PlyCount "80"]
[EventDate "2016.12.09"]
[EventType "swiss"]
[EventRounds "5"]
[EventCountry "ENG"]
[SourceTitle "CBM 176 Extra"]
[Source "ChessBase"]
[SourceDate "2017.03.02"]
[SourceVersion "1"]
[SourceVersionDate "2017.03.02"]
[SourceQuality "1"]

1. e4 c5 2. Nf3 d6 3. d4 cxd4 4. Nxd4 Nf6 5. Bd3 Nc6 6. Nxc6 bxc6 7. 0-0 g6 8. Qe2 Bg7 9. Nd2 0-0 10. a4 Nd7 11. f4 Rb8 12. Nb3 c5 13. a5 Bb7 14. a6 Ba8 15. Ra3 Qc8 16. h4 d5 17. exd5 Bxd5 18. c4 Ba8 19. Qxe7 Bf6 20. Qe2 Re8 21. Qg4 h5 22. Qg3 Qd8 23. Bxg6 fxg6 24. Qxg6+ Bg7 25. Qxh5 Nf6 26. Qd1 Qe7 27. Na5 Rbd8 28. Rd3 Qe4 29. Rff3 Rxd3 30. Qxd3 Qe1+ 31. Rf1 Qxa5 32. Bd2 Qxa6 33. Bc3 Qc6 34. Qg6 Re2 35. Rf3 Rxg2+ 36. Qxg2 Qxf3 37. Qg6 Be4 38. Qg5 Qd1+ 39. Kf2 Ng4+ 40. Kg3 Qf3# 0-1

[Event "London Weekend op 12"]
[Site "London"]
[Date "2016.12.10"]
[Round "3"]
[White "Akeya Price, Robert A"]
[Black "Juciute, Einora"]
[Result "0-1"]
[WhiteElo "1727"]
[BlackElo "1873"]
[PlyCount "106"]
[EventDate "2016.12.09"]
[EventType "swiss"]
[EventRounds "5"]
[EventCountry "ENG"]
[SourceTitle "CBM 176 Extra"]
[Source "ChessBase"]
[SourceDate "2017.03.02"]
[SourceVersion "1"]
[SourceVersionDate "2017.03.02"]
[SourceQuality "1"]

1. d4 Nf6 2. c4 e6 3. Nf3 d5 4. g3 dxc4 5. Bg2 c5 6. Qa4+ Nc6 7. Ne5 Nd5 8. Nxc6 bxc6 9. dxc5 Qc7 10. e4 Nf6 11. Qxc4 a5 12. Na3 Ba6 13. Qc2 Rd8 14. Nc4 Bxc5 15. Bf4 Bb4+ 16. Kf1 e5 17. Bg5 Rd4 18. b3 0-0 19. Be3 Bxc4+ 20. bxc4 Rd7 21. Bh3 Rdd8 22. c5 a4 23. Qxa4 Bd2 24. Ke2 Bxe3 25. fxe3 Ra8 26. Qc2 Ra3 27. Rhb1 Rfa8 28. Rb6 h6 29. Kf3 R3a4 30. Bg2 Nxe4 31. Ke2 f5 32. Qb3+ Kh7 33. Bxe4 Rxe4 34. Qe6 Rf8 35. Rxc6 Qa5 36. Qg6+ Kh8 37. Qd6 Qb5+ 38. Kf3 Rg8 39. Rb6 Qe8 40. Qg6 Qf8 41. Qd6 Qf7 42. Qg6 Qd5 43. Qd6 Rf4+ 44. Ke2 Qg2+ 45. Kd3 e4+ 46. Kc4 Qe2+ 47. Kd5 Rf3 48. Kc6 Rxe3 49. Kb7 Qc4 50. c6 Rd3 51. Qb4 Qd5 52. Qb5 Qd8 53. Ra6 Qb8# 0-1

[Event "Douglas IoM Major op"]
[Site "Douglas"]
[Date "2016.10.07"]
[Round "5"]
[White "Wright, Jonathan1111"]
[Black "Juciute, Einora"]
[Result "1-0"]
[WhiteElo "1887"]
[BlackElo "1884"]
[PlyCount "105"]
[EventDate "2016.10.03"]
[EventType "swiss"]
[EventRounds "7"]
[EventCountry "IOM"]
[SourceTitle "EXT 2019"]
[Source "ChessBase"]
[SourceDate "2018.10.10"]
[SourceVersion "1"]
[SourceVersionDate "2018.10.10"]
[SourceQuality "1"]

1. e4 e5 2. Nf3 Nc6 3. Bb5 Nd4 4. Ba4 Bc5 5. d3 Nxf3+ 6. Qxf3 Nf6 7. Bg5 h6 8. Bh4 c6 9. Nd2 d6 10. h3 Be6 11. Bb3 g5 12. Bxe6 fxe6 13. Bg3 Qe7 14. 0-0-0 0-0-0 15. Nb3 Bb6 16. d4 exd4 17. Nxd4 Ne8 18. Qc3 Nc7 19. f3 h5 20. a4 a6 21. Bf2 Qd7 22. Qb3 Bc5 23. Be3 Rhg8 24. c3 g4 25. hxg4 hxg4 26. f4 Rh8 27. Nc2 Rxh1 28. Rxh1 Bxe3+ 29. Nxe3 e5 30. Nc4 Qg7 31. Rd1 Qf6 32. f5 Qg5+ 33. Kb1 Qe7 34. Qb4 Ne8 35. Qb6 Qc7 36. Qa7 Qb8 37. Qxb8+ Kxb8 38. Nxe5 g3 39. Ng4 Ng7 40. Rh1 Kc8 41. Rh7 Rd7 42. Rh3 d5 43. f6 Ne6 44. e5 c5 45. Rxg3 d4 46. Nf2 Rd5 47. cxd4 cxd4 48. Nd3 b5 49. Rf3 Kd7 50. Rf5 bxa4 51. f7 Nf8 52. g4 a5 53. e6+ 1-0

[Event "Forchheim op-B 14th"]
[Site "Forchheim"]
[Date "2015.10.04"]
[Round "4"]
[White "Morschel, Steffen"]
[Black "Juciute, Einora"]
[Result "0-1"]
[WhiteElo "1686"]
[BlackElo "1897"]
[PlyCount "100"]
[EventDate "2015.10.02"]
[EventType "swiss"]
[EventRounds "5"]
[EventCountry "GER"]
[SourceTitle "EXT 2019"]
[Source "ChessBase"]
[SourceDate "2018.10.10"]
[SourceVersion "1"]
[SourceVersionDate "2018.10.10"]
[SourceQuality "1"]

1. e4 e6 2. d4 d5 3. Nc3 Bb4 4. e5 c5 5. Bd2 Ne7 6. f4 Nf5 7. Nf3 cxd4 8. Nb5 Bc5 9. Bd3 Bd7 10. Bxf5 Bxb5 11. Bd3 Qb6 12. b4 Be7 13. Bxb5+ Qxb5 14. Nxd4 Qc4 15. c3 0-0 16. Qe2 Qc7 17. 0-0 Nd7 18. Nb5 Qc6 19. Nd4 Qc4 20. Qxc4 dxc4 21. Nb5 Nb6 22. Be3 Nd5 23. Bd4 a6 24. Na3 Rac8 25. Nc2 Rfd8 26. a3 h6 27. Rf3 Rd7 28. Kf2 Nc7 29. Ke2 Nb5 30. Rd1 Rcd8 31. g4 a5 32. f5 Nxd4+ 33. Rxd4 Rxd4 34. Nxd4 exf5 35. Nxf5 Bg5 36. Nd6 axb4 37. axb4 b5 38. Nxf7 Re8 39. Kf1 Bd2 40. Ke2 Bxc3 41. Nxh6+ gxh6 42. Rxc3 Rxe5+ 43. Kd2 Re4 44. h3 Kg7 45. Rf3 Re5 46. Kc3 Rd5 47. Kc2 Kg6 48. Rf8 Kg5 49. Rf3 Kh4 50. Rf5 Rxf5 0-1

[Event "Uxbridge YM"]
[Site "London"]
[Date "2010.10.24"]
[Round "1"]
[White "Ociepka, Dominika"]
[Black "Juciute, Einora"]
[Result "0-1"]
[WhiteElo "1432"]
[BlackElo "1843"]
[PlyCount "40"]
[EventDate "2010.10.24"]
[EventType "swiss"]
[EventRounds "9"]
[EventCountry "ENG"]
[SourceTitle "EXT 2011"]
[Source "ChessBase"]
[SourceDate "2010.11.26"]
[SourceVersion "1"]
[SourceVersionDate "2010.11.26"]
[SourceQuality "1"]

1. e4 e5 2. Nc3 Nc6 3. Nf3 Nf6 4. Bc4 Bb4 5. d3 d6 6. Bg5 Bg4 7. h3 Bh5 8. g4 Bg6 9. Qd2 Qd7 10. 0-0-0 Nd4 11. Nh4 b5 12. Bb3 a5 13. a3 a4 14. Ba2 Ba5 15. Rhf1 b4 16. axb4 Bxb4 17. Qe1 a3 18. b3 Qc6 19. Bd2 Ra5 20. Na4 Qxc2# 0-1

[Event "Panevezys op-A"]
[Site "Panevezys"]
[Date "2009.08.23"]
[Round "9"]
[White "Rudys, Mantas"]
[Black "Juciute, Einora"]
[Result "0-1"]
[WhiteElo "1799"]
[BlackElo "1822"]
[PlyCount "74"]
[EventDate "2009.08.17"]
[EventType "swiss"]
[EventRounds "9"]
[EventCountry "LTU"]
[SourceTitle "CBM 131 Extra"]
[Source "ChessBase"]
[SourceDate "2009.09.03"]
[SourceVersion "2"]
[SourceVersionDate "2009.09.16"]
[SourceQuality "1"]

1. e4 e6 2. d4 d5 3. Nd2 c5 4. c3 cxd4 5. cxd4 dxe4 6. Nxe4 Bb4+ 7. Nc3 Ne7 8. Nf3 0-0 9. Bd3 h6 10. 0-0 Nbc6 11. Bf4 a6 12. Bc2 Ba5 13. a3 Bb6 14. Qd3 Nf5 15. g4 e5 16. Nxe5 Qxd4 17. Nxc6 bxc6 18. gxf5 Qxf4 19. f6 g6 20. Ne4 Bf5 21. Qg3 Qxg3+ 22. hxg3 Bd4 23. Kg2 Rab8 24. f3 Rxb2 25. Rac1 Be3 26. g4 Bxc1 27. Rxc1 Bxe4 28. fxe4 Rd8 29. Kf3 Ra2 30. a4 Rd2 31. Bb1 Ra3+ 32. Kf4 Rd6 33. Ke5 Re6+ 34. Kd4 Rxa4+ 35. Ke3 Ra3+ 36. Kd4 Rxf6 37. Bd3 Rd6+ 0-1

[Event "Panevezys op-A"]
[Site "Panevezys"]
[Date "2009.08.20"]
[Round "5"]
[White "Zebelis, Rimantas"]
[Black "Juciute, Einora"]
[Result "0-1"]
[WhiteElo "1982"]
[BlackElo "1822"]
[PlyCount "62"]
[EventDate "2009.08.17"]
[EventType "swiss"]
[EventRounds "9"]
[EventCountry "LTU"]
[SourceTitle "CBM 131 Extra"]
[Source "ChessBase"]
[SourceDate "2009.09.03"]
[SourceVersion "2"]
[SourceVersionDate "2009.09.16"]
[SourceQuality "1"]

1. d4 Nf6 2. c4 c5 3. Nf3 cxd4 4. Nxd4 Nc6 5. Nc3 a6 6. e4 e5 7. Nb3 Bb4 8. Bg5 h6 9. Be3 Nxe4 10. Rc1 d6 11. Bd3 Bxc3+ 12. bxc3 Ng5 13. 0-0 0-0 14. h4 Ne6 15. Qg4 Nf4 16. Qg3 Nxd3 17. Bxh6 Qf6 18. Bxg7 Qxg7 19. Qxd3 Be6 20. f4 exf4 21. Rxf4 Ne5 22. Qf1 Qg3 23. Rd1 Ng4 24. Rxg4+ Qxg4 25. Rd4 Qf5 26. Rf4 Qe5 27. Qf3 Qe1+ 28. Kh2 Rfe8 29. Nd4 Bxc4 30. Nf5 Qe5 31. g3 Qe2+ 0-1

[Event "Panevezys op-A"]
[Site "Panevezys"]
[Date "2009.08.17"]
[Round "1"]
[White "Juciute, Einora"]
[Black "Vaitonis, Vytautas"]
[Result "0-1"]
[WhiteElo "1822"]
[BlackElo "2032"]
[PlyCount "140"]
[EventDate "2009.08.17"]
[EventType "swiss"]
[EventRounds "9"]
[EventCountry "LTU"]
[SourceTitle "CBM 131 Extra"]
[Source "ChessBase"]
[SourceDate "2009.09.03"]
[SourceVersion "2"]
[SourceVersionDate "2009.09.16"]
[SourceQuality "1"]

1. d4 Nf6 2. e3 d6 3. Bd3 e5 4. Nc3 Qe7 5. Nge2 g6 6. dxe5 dxe5 7. Ng3 Bg7 8. e4 c6 9. h3 Be6 10. Be3 Nbd7 11. Qd2 0-0 12. Bh6 Rfd8 13. Bxg7 Kxg7 14. h4 h5 15. Qg5 Kh7 16. f4 exf4 17. Nxh5 Ng8 18. Qxe7 Nxe7 19. Nxf4 Ne5 20. 0-0-0 b5 21. Nxe6 fxe6 22. Ne2 Rd6 23. Nf4 Ng8 24. Rhg1 Nf6 25. Nh3 Kg7 26. Nf2 Rh8 27. g3 a6 28. b3 Rhd8 29. Nh3 Kf7 30. Ng5+ Ke7 31. Rgf1 Nh5 32. g4 Nf6 33. Be2 Rxd1+ 34. Bxd1 Rh8 35. h5 gxh5 36. gxh5 Rh6 37. Be2 c5 38. a4 bxa4 39. Bxa6 Rxh5 40. Rg1 axb3 41. cxb3 Rh2 42. Rg3 Ra2 43. Bc8 Nfd7 44. Kb1 Ra8 45. Bb7 Rb8 46. Ba6 c4 47. Kb2 Nc5 48. Bxc4 Nxc4+ 49. Kc2 Ne5 50. Rc3 Kd6 51. Rh3 Rg8 52. Rh5 Ncd3 53. Nf7+ Nxf7 54. Kxd3 Ne5+ 55. Kd4 Nc6+ 56. Kc4 Rg4 57. Kd3 Rg3+ 58. Kc4 Ne5+ 59. Kb4 Rg4 60. Rh1 Rxe4+ 61. Ka5 Nc6+ 62. Ka6 Nb4+ 63. Kb5 Nd5 64. Ka5 Rb4 65. Rh3 Kc5 66. Rg3 Rb8 67. Ka6 e5 68. Ka7 Re8 69. Rg5 Kd4 70. Rg7 Re7+ 0-1

[Event "LTU-ch sf (Women)"]
[Site "Vilnius"]
[Date "2008.02.02"]
[Round "7"]
[White "Savickiene, Viktorija"]
[Black "Juciute, Einora"]
[Result "1-0"]
[WhiteElo "2007"]
[BlackElo "1792"]
[PlyCount "59"]
[EventDate "2008.01.28"]
[EventType "swiss"]
[EventRounds "7"]
[EventCountry "LTU"]
[SourceTitle "EXT 2010"]
[Source "ChessBase"]
[SourceDate "2010.11.25"]
[SourceVersion "1"]
[SourceVersionDate "2010.11.25"]
[SourceQuality "1"]

1. d4 Nf6 2. Nf3 c5 3. e3 e6 4. c4 cxd4 5. exd4 d6 6. Nc3 Be7 7. Bd3 Nbd7 8. 0-0 b6 9. Bf4 a6 10. Ne4 Nxe4 11. Bxe4 Rb8 12. Re1 0-0 13. Qe2 Nf6 14. Bd3 Bb7 15. Rad1 Qc7 16. h3 Kh8 17. b4 h6 18. a3 Rbc8 19. Nd2 Qc6 20. d5 exd5 21. Qxe7 dxc4 22. Bf1 d5 23. Qe5 c3 24. Nb3 Ne4 25. f3 Qa4 26. fxe4 Rfe8 27. Qh5 Qxb3 28. Bxh6 c2 29. Rd3 g6 30. Qh4 1-0